Fr. Conceicao Rodrigues College of Engineering

Programmers Ref Manual for Ibm Personal C (Record no. 20181)

MARC details
000 -LEADER
fixed length control field 00367nam a2200145Ia 4500
082 ## - DEWEY DECIMAL CLASSIFICATION NUMBER
Classification number 5.245
Item number ARM
100 ## - MAIN ENTRY--PERSONAL NAME
Personal name Armbrust/S./ Forgeron/T.
245 ## - TITLE STATEMENT
Title Programmers Ref Manual for Ibm Personal C
260 ## - PUBLICATION, DISTRIBUTION, ETC.
Name of publisher, distributor, etc. Galgotia
Place of publication, distribution, etc. U.S.A
Date of publication, distribution, etc. 1992
300 ## - PHYSICAL DESCRIPTION
Extent 721
546 ## - LANGUAGE NOTE
Language note ENGLISH
654 ## - SUBJECT ADDED ENTRY--FACETED TOPICAL TERMS
Focus term Programmers ref manual for ibm personal computers
942 ## - ADDED ENTRY ELEMENTS (KOHA)
Koha item type BOOK
Holdings
Withdrawn status Lost status Damaged status Not for loan Collection Home library Current library Date acquired Total Checkouts Full call number Barcode Date last seen Price effective from Koha item type Cost, normal purchase price Cost, replacement price
        CRC Fr. Agnel's C.Rodrigues College of Engineering Fr. Agnel's C.Rodrigues College of Engineering 17/03/2023   5.245 ARM 10131 17/03/2023 17/03/2023 BOOK    
        CRC Fr. Agnel's C.Rodrigues College of Engineering Fr. Agnel's C.Rodrigues College of Engineering 17/03/2023   5.24 ARM 10676 17/03/2023 17/03/2023 BOOK    
        CRC Fr. Agnel's C.Rodrigues College of Engineering Fr. Agnel's C.Rodrigues College of Engineering 17/03/2023   4746 17/03/2023 17/03/2023 BOOK 230.00 230.00
        CRC Fr. Agnel's C.Rodrigues College of Engineering Fr. Agnel's C.Rodrigues College of Engineering 17/03/2023   4747 17/03/2023 17/03/2023 BOOK 230.00 230.00
        CRC Fr. Agnel's C.Rodrigues College of Engineering Fr. Agnel's C.Rodrigues College of Engineering 17/03/2023   4748 17/03/2023 17/03/2023 BOOK 230.00 230.00